000
00320nam a2200121Ia 4500
008
210430s9999 xx 000 0 und d
082
_a
909 T7561S
100
_a
D.C.Somervell
245
2
_a
A Study of History
_c
D.C.Somervell
260
_a
Islamabad
_b
National Book Foundation
_c
2010
300
_a
413p
942
_c
BK
_2
ddc
999
_c
563300
_d
563300